<?xml version="1.0" encoding="UTF-8"?>
<marc:record xmlns:marc="http://www.loc.gov/MARC21/slim">
   <marc:leader>00000nam a2200000 a 4500</marc:leader>
   <marc:datafield ind1="1" ind2=" " tag="100">
      <marc:subfield code="a">Siegner, Ingo</marc:subfield>
      <marc:subfield code="4">aut</marc:subfield>
      <marc:subfield code="e">Verfasser/-in</marc:subfield>
   </marc:datafield>
   <marc:datafield ind1="0" ind2="0" tag="245">
      <marc:subfield code="a">Der kleine Drache Kokosnuss</marc:subfield>
   </marc:datafield>
   <marc:datafield ind1="0" ind2="0" tag="245">
      <marc:subfield code="b">und das Vampir-Abenteuer</marc:subfield>
   </marc:datafield>
   <marc:datafield ind1=" " ind2="1" tag="264">
      <marc:subfield code="b">C. Bertelmann</marc:subfield>
      <marc:subfield code="c">2009</marc:subfield>
   </marc:datafield>
   <marc:datafield ind1="1" ind2=" " tag="490">
      <marc:subfield code="a">Der kleine Drache Kokosnuss</marc:subfield>
   </marc:datafield>
   <marc:datafield ind1="1" ind2=" " tag="520">
      <marc:subfield code="a">Der kleine Drache Kokosnuss und seine Freundin Matilda trauen ihren Augen nicht: Ein Vampir-Junge vollführt halsbrecherische Flug-Manöver über der Dracheninsel und versetzt alle in Angst und Schrecken. Was soll das? Will Bissbert die Inselbewohner beißen und alle zu Vampiren machen? Nur gut, dass Kokosnuss mutig genug ist, der Sache auf den Grund zu gehen: Vampir-Junge Bissbert sucht nämlich verzweifelt die eine Drachen-Blutgruppe, die Nachtblindheit bei Vampiren heilen kann! Denn Bissberts Vater fliegt nachts immer häufiger gegen Kirchtürme und Wolkenkratzer! Ob Kokosnuss und Matilda die Drachen überreden können, dem kleinen Vampir zu helfen?</marc:subfield>
   </marc:datafield>
   <marc:datafield ind1=" " ind2=" " tag="020">
      <marc:subfield code="a">9783570137024</marc:subfield>
      <marc:subfield code="9">9783570137024</marc:subfield>
   </marc:datafield>
</marc:record>
